| 000 -CABECERA |
| Longitud fija campo de control |
00656nam a2200193 a 4500 |
| 003 - IDENTIFICADOR DEL NÚMERO DE CONTROL |
| Identificador del número de control |
OSt |
| 005 - FECHA Y HORA DE LA ÚLTIMA TRANSACCIÓN |
| Fecha y hora de la última transacción |
20240612122014.0 |
| 008 - CÓDIGOS DE INFORMACIÓN DE LONGITUD FIJA |
| Códigos de información de longitud fija |
990625s2021 sp 000 0 spa d |
| 020 ## - NÚMERO INTERNACIONAL NORMALIZADO PARA LIBROS |
| Número Internacional Normalizado para Libros (ISBN) |
9788417977573 |
| 040 ## - FUENTE DE LA CATALOGACIÓN |
| Centro catalogador de origen |
CDMR |
| Centro transcriptor |
c |
| Lengua de catalogación |
cat |
| 100 1# - PUNTO DE ACCESO PRINCIPAL-NOMBRE DE PERSONA |
| Nombre de persona |
Bustos, Jorge ( |
| Fechas asociadas al nombre |
1982-) |
| 245 10 - MENCIÓN DE TÍTULO |
| Título |
Asombro y desencanto : |
| Resto del título |
dos viajes por Castilla y Francia / |
| Mención de responsabilidad, etc. |
Jorge Bustos ; [prólogo de Andrés Trapiello] |
| 260 ## - PUBLICACIÓN, DISTRIBUCIÓN, ETC. (PIE DE IMPRENTA) |
| Lugar de publicación, distribución, etc. |
Barcelona : |
| Nombre del editor, distribuidor, etc. |
Libros del Asteroide, |
| Fecha de publicación, distribución, etc. |
2021 |
| 300 ## - DESCRIPCIÓN FÍSICA |
| Extensión |
XII, 197 p., [2] p. de mapes b/n. ; |
| Dimensiones |
20 cm |
| 490 0# - MENCIÓN DE SERIE |
| Mención de serie |
Libros del Asteroide ; |
| Designación de volumen o secuencia |
252 |
| 600 14 - PUNTO DE ACCESO ADICIONAL DE MATERIA - NOMBRE DE PERSONA |
| Nombre de persona |
Bustos, Jorge ( |
| Fechas asociadas al nombre |
1982-)- |
| Subdivisión de materia general (R ) |
Viatges |
| 700 1# - PUNTO DE ACCESO ADICIONAL - NOMBRE DE PERSONA |
| Nombre de persona |
Trapiello, Andrés |
| 9 (RLIN) |
3656 |
| 942 ## - ENTRADA DE ELEMENTOS AGREGADOS (KOHA) |
| Fuente de clasificaión o esquema |
|
| Koha [por defecto] tipo de item |
Monografies |